| 000 | 01112nam a22003257a 4500 | ||
|---|---|---|---|
| 003 | CHAP | ||
| 005 | 20220817041738.0 | ||
| 008 | 971013s1992 r 00010 d | ||
| 010 | _a23155 | ||
| 011 | _a24127 | ||
| 035 | _a28226 | ||
| 040 | _cCHAP | ||
| 090 | _aFolleto 14361 | ||
| 100 | 0 | 0 |
_aWhite, Robert M. _9121714 |
| 245 | _aTransformando la ingeniería y la tecnología para la protección del ambiente y el desarrollo económico | ||
| 260 |
_aMéxico, D.F. : _bAcademia Mexicana de Ingeniería, _c1992 |
||
| 300 | _a69 p. | ||
| 490 | _aCiclo de conferencias debate diciembre, 1992 | ||
| 590 |
_aBATCH-UPD _b10 _c20130109 _lUCH01 _h2334 |
||
| 590 |
_aBATCH-UPD _b10 _c20130110 _lUCH01 _h1025 |
||
| 590 |
_aBATCH-UPD _b10 _c20130410 _lUCH01 _h0629 |
||
| 590 |
_aBATCH-UPD _b10 _c20130914 _lUCH01 _h0930 |
||
| 590 |
_aCONVERSION _b10 _c20130109 _lUCH01 _h1314 |
||
| 650 | 1 | 4 | _aDesarrollo económico. |
| 650 | 1 | 4 |
_aIngeniería ambiental. _958207 |
| 830 | 0 |
_aCiclo de conferencias debate diciembre, 1992 _923053 |
|
| 901 | _aBK | ||
| 942 | _cFOLL | ||
| 949 |
_aFolleto 14361 _bBC _cFOLL _d-65070 _eTS1 _i28226 _si |
||
| 999 |
_c23155 _d23155 |
||